Anthropology

में बचाया:
ग्रंथसूची विवरण
मुख्य लेखक: Ember, Carol R.
स्वरूप: पुस्तक
भाषा:अंग्रेज़ी
प्रकाशित: Prentice Hall. 1985.
संस्करण:4ª ed.
विषय:
टैग: टैग जोड़ें
कोई टैग नहीं, इस रिकॉर्ड को टैग करने वाले पहले व्यक्ति बनें!

MARC

LEADER 00000nam a22000005a 4500
001 2995
003 CL-ChBUA
005 20120815102815.0
008 070301s1985 xxu 000 0deng
020 |a 0130370452 
040 |a CL-ChBUA  |c CL-ChBUA 
082 0 0 |a 306 
090 |c 2995  |d 2995 
100 1 |a Ember, Carol R. 
245 1 0 |a Anthropology 
250 |a 4ª ed. 
260 |b Prentice Hall.  |c 1985. 
300 |a xiv, 528 p.:il.  |b xiv, 528 p.:il.  |c 25 cm. 
504 |a Bibl. 
650 4 |a ANTROPOLOGIA. 
942 |c LIB 
952 |0 0  |1 0  |4 0  |7 0  |9 4442  |a UNACH  |b UNACH  |c 300  |d 2007-03-05  |i 26.597.  |l 0  |o 306 / Em 53 1985.  |p 5441  |r 2025-01-22 00:00:00  |u 4442  |w 2012-08-08  |y LIB  |k 306 / Em 53 1985. 
999 |c 2995  |d 2995